Drawing out the demons : a film about the artist Attila Richard Lukacs /

Nearly 5 years in the making, and incorporating footage spanning 19 years, one can say with unusual literalness that Drawing out the Demons is about an artist's journey. For most of the 1990's Attila worked in Berlin, where he lived a wild lifestyle amongst Berlin's gay underground. Y...

Full description

Bibliographic Details
Other Authors: Vaisbord, David (Director), Dolman, Trish (Producer), Symns, Stephanie (Producer)
Format: Video
Language:English
Language Notes:In English.
Published: London, England : TVF International, 2004.
Series:Academic Video Online
Subjects:
Online Access:Connect to this streaming video (Alexander Street Press)

MARC

Tag First Indicator Second Indicator Subfields
LEADER 00000cgm a2200000Mi 4500
001 in00005580921
006 m o c
007 cr |n||||||||a
007 vz |za|z|
008 180302s2004 enk078 e o vleng d
005 20241201234107.6
035 |a (OCoLC)on1030740828 
040 |a ALSTP  |b eng  |e rda  |e pn  |c ALSTP  |d OCLCO  |d OCLCQ  |d OCLCF  |d UHL  |d OCL  |d OCLCQ  |d OCLCO  |d OCLCQ  |d OCLCL  |d DXU 
019 |a 1113250067  |a 1373491731  |a 1443983392 
035 |a (OCoLC)1030740828  |z (OCoLC)1113250067  |z (OCoLC)1373491731  |z (OCoLC)1443983392 
043 |a n-cn--- 
082 0 4 |a 759.11  |q OCoLC  |2 22/eng/20230216 
049 |a TXAM 
245 0 0 |a Drawing out the demons :  |b a film about the artist Attila Richard Lukacs /  |c Screen Siren Pictures presents ; a David Vaisbord film ; director, David Vaisbord ; producer, Trish Dolman ; producer, Stephanie Symns. 
264 1 |a London, England :  |b TVF International,  |c 2004. 
300 |a 1 online resource (78 min.) 
306 |a 011821 
336 |a two-dimensional moving image  |b tdi  |2 rdacontent 
337 |a computer  |b c  |2 rdamedia 
337 |a video  |b v  |2 rdamedia 
338 |a online resource  |b cr  |2 rdacarrier 
347 |a video file  |2 rda 
490 0 |a Academic Video Online 
500 |a Title from resource description page (viewed March 02, 2018). 
520 |a Nearly 5 years in the making, and incorporating footage spanning 19 years, one can say with unusual literalness that Drawing out the Demons is about an artist's journey. For most of the 1990's Attila worked in Berlin, where he lived a wild lifestyle amongst Berlin's gay underground. Youthful, handsome, and with a clear sense of purpose, he followed his career to where it could grow. In one blazing stroke, Attila Richard Lukacs established "bad-boy" celebrity at the highest levels of the international art world. After living and painting successfully for 10 years in Berlin, it was time to take on the New York art scene - New York, however, had other ideas. By unearthing Attila's past and reflecting on the events leading to his last days in the Big 'rotten' Apple, director David Vaisbord takes us on a journey to the dark side where 'Drawing Out the Demons' is a matter of life and death. 
546 |a In English. 
600 1 0 |a Lukacs, Attila Richard,  |d 1962- 
600 1 7 |a Lukacs, Attila Richard,  |d 1962-  |2 fast  |0 (OCoLC)fst00343172  |1 https://id.oclc.org/worldcat/entity/E39PBJhhkBQGctYT8V8Wh8BwYP 
650 0 |a Painters  |z Canada  |v Biography. 
650 6 |a Peintres  |z Canada  |v Biographies. 
650 7 |a Painters.  |2 fast  |0 (OCoLC)fst01050530 
651 7 |a Canada.  |2 fast  |0 (OCoLC)fst01204310  |1 https://id.oclc.org/worldcat/entity/E39PBJkMHVW4rfVXPrhVP4VwG3 
655 7 |a Biographies.  |2 fast  |0 (OCoLC)fst01919896 
655 7 |a Documentary television programs.  |2 fast  |0 (OCoLC)fst01710387 
655 7 |a Documentary television programs.  |2 lcgft 
655 7 |a Documentaires télévisés.  |2 rvmgf 
700 1 |a Vaisbord, David,  |e director. 
700 1 |a Dolman, Trish,  |e producer. 
700 1 |a Symns, Stephanie,  |e producer. 
710 2 |a Screen Siren Pictures,  |e production company. 
758 |i has work:  |a Drawing out the demons (MovingImage)  |1 https://id.oclc.org/worldcat/entity/E39PCFMxTtcGqyPyvyqjBf9yHP  |4 https://id.oclc.org/worldcat/ontology/hasWork 
856 4 0 |u http://proxy.library.tamu.edu/login?url=https://www.aspresolver.com/aspresolver.asp?MARC;3894196  |z Connect to this streaming video (Alexander Street Press)  |t 0 
955 |a Alexander Street Press subscription streaming video 
994 |a 92  |b TXA 
999 f f |s a63d1757-0c73-43da-9a55-cde2bd1388f8  |i 85afd7fe-6cb4-4620-b2e1-f2b3ed44c768  |t 0 
952 f f |a Texas A&M University  |b College Station  |c Electronic Resources  |d Available Online  |t 0  |h Library of Congress classification 
998 f f |t 0  |l Available Online